000 00739nam a2200265Ia 4500
003 OSt
005 20220926010054.0
006 a|||||r|||| 00| 0
007 ta
008 220923b |||||||| |||| 00| 0 eng d
020 _a8185565104
037 _cGeneral Book
040 _aRTL
_cRTL
_beng
041 _2eng
_aeng
082 _aU6733.2.N9, N2
100 _aGupta R C
_958070
245 0 _aLand assembly in the Indian metropolis
260 _a New Delhi
_bUppal India
_c1992
300 _axix,240p.
_ccm.
490 _aSchool Of Planning And Architecture Publication
500 _aBib p. 235-40
650 _aGeography
942 _hU6733.2.N9, N2
_cGB
_2CC
999 _c616350
_d616350